Ciriani : 11 años del Taller de Diseño Avanzado /
Tallennettuna:
| Päätekijä: | |
|---|---|
| Muut tekijät: | |
| Aineistotyyppi: | Elektroninen E-kirja |
| Kieli: | espanja |
| Julkaistu: |
Lima :
Editorial UPC,
[2022]
|
| Painos: | Primera edición. |
| Aiheet: | |
| Linkit: | Digitalia Hispánica |
| Tagit: |
Lisää tagi
Ei tageja, Lisää ensimmäinen tagi!
|
MARC
| LEADER | 00000nam a2200000 i 4500 | ||
|---|---|---|---|
| 001 | DIGUPERCA0118 | ||
| 003 | NyNyDIG | ||
| 007 | cr ||||||||||| | ||
| 008 | 230306s2022 pe abc o 000 0 spa d | ||
| 006 | m o d | ||
| 035 | |a (OCoLC)1372194551 | ||
| 040 | |a DGITA |b eng |e rda |e pn |c DGITA | ||
| 020 | |a 9786123184124 |q eBook |q pdf | ||
| 020 | |a 9786123184131 |q eBook |q ePub | ||
| 020 | |z 9786123184117 | ||
| 024 | 7 | |a 10.19083/978-612-318-413-1 |2 doi | |
| 043 | |a s-pe--- | ||
| 050 | 1 | 4 | |a NA1053.C57 ebook |
| 100 | 1 | |a Ciriani, Henri, |d 1936- |e author. | |
| 245 | 1 | 0 | |a Ciriani : |b 11 años del Taller de Diseño Avanzado / |c Enrique Ciriani ; edición, Fabry Avalo. |
| 246 | 3 | |a Ciriani : |b once años del Taller de Diseño Avanzado | |
| 250 | |a Primera edición. | ||
| 264 | 1 | |a Lima : |b Editorial UPC, |c [2022] | |
| 300 | |a 1 online resource : |b illustrations, maps, portraits. | ||
| 336 | |a text |b txt |2 rdacontent | ||
| 337 | |a computer |b c |2 rdamedia | ||
| 338 | |a online resource |b cr |2 rdacarrier | ||
| 347 | |a text file |2 rdaft | ||
| 347 | |b PDF | ||
| 347 | |b EPUB | ||
| 588 | 0 | |a Online resource; title from PDF title page (Digitalia, viewed March 6, 2023) | |
| 600 | 1 | 0 | |a Ciriani, Henri, |d 1936- |
| 650 | 0 | |a Schools of architecture |z Peru. | |
| 650 | 0 | |a Architectural design |z Peru. | |
| 650 | 0 | |a Architecture |z Peru |x History |y 21st century. | |
| 700 | 1 | |a Avalo, Fabry, |e editor. | |
| 791 | 2 | |a Digitalia (Firm), |e distributor. | |
| 793 | 0 | |g Digitalia eBook Collection: |a Universidad Peruana de Ciencias Aplicadas | |
| 776 | 0 | 8 | |i Print version: |a Ciriani, Henri, 1936- |t Ciriani. |b Primera edición. |d Lima : Editorial UPC, [2022] |z 9786123184117 |
| 856 | 4 | 0 | |3 Digitalia Hispánica |u https://digitalia.unach.elogim.com/a/114031/ |
| 910 | |a Premium collection: 2023 | ||